Czy rozponasz polskich raperów po ich imieniu i nazwisku ? - Statystyki

Ogólne statystyki
  • Ten quiz został rozwiązany 535 razy
  • Średni wynik to 14 z 20
Statystyki odpowiedzi
Imię i Nazwisko Raper % Poprawnych
Michał Matczak Mata
96%
Borys Przybylski Bedoes
92%
Mateusz Szpakowski Szpaku
90%
Kuba Grabowski Quebonafide
88%
Łukasz Paluszak Paluch
84%
Filip Szcześniak Taco Hemingway
84%
Tymoteusz Bucki Tymek
80%
Igor Bugajczyk ReTo
77%
Ghawsi Mosa Malik Montana
76%
Sebastian Czekaj White 2115
75%
Patryk Woziński Kizo
71%
Igor Ośmiałowski Young Igi
70%
Mateusz Karaś Białas
66%
Mateusz Bluza Guzior
60%
Mateusz Zawistowski Żabson
59%
Oskar Kamiński Oki
57%
Tomasz Borycki Borixon
56%
Michał Rychlik Young Multi
56%
Miłosz Stępień Otsochodzi
53%
Wojciech Laskowski Schafter
30%
Nie znaleziono quizów pasujących do podanych kryteriów
Rozkład punktacji
Procent ludzi z każdym wynikiem
Percentyl według liczby udzielonych odpowiedzi
Twoja historia wyników
Nie rozwiązałeś tego quizu